00874pam a2200229 a 4500999001500000001000400015003000900019005001700028008004100045020001500086040002800101082002600129245018300155260004300338300004500381650002000426650002400446700001900470700001900489942001200508952012400520 c4494d4494591BD-DhUAP20201111151125.0201111s1993 nyua b 001 0 eng  a9810214758 aDLCcDLCdBD-DhUAPbEng00a530.120151255 PRO223 aPoceedings of the International workshop on Mathematical Physics quantum symmetries : bArnold Sommerfeld Institute, Clausthal, 15-20 July 1991 /cH. D. Doebner and V. K. Dobrev. aSingapore :bWorld scientific,cc1993. axi, 379 pages :billustrations ;c23 cm. aQuantum groups  aSymmetry (Physics). aDoebner, H. D. aDobrev, V. K.  2ddccBK 00102ddc4070aUAPCLbUAPCLcGeneral Stacksd2020-11-11o530.120151255 PROp3010000591r2020-11-11t1w2020-11-11yBK